000 00783nam a2200253Ia 4500
003 OSt
005 20220923211143.0
006 a|||||r|||| 00| 0
007 ta
008 Pun
020 _a818658305X (hbk)
024 _a218,794
037 _cTextual
040 _aARTS
_cARTS
_bPun
041 _2Pun
_aPun
082 _aO153:g, N9
100 _aਧੀਰ, ਕੁਲਦੀਪ ਸਿੰਘ
_9158819
245 0 _aਸਾਹਿਤ ਅਧਿਐਨ
_b ਪਾਠਕ ਦੀ ਅਨੁਕ੍ਰਿਆ
260 _aਦਿੱਲੀ
_b ਵੈੱਲਵਿF ਪਬਲੀFਰਗ਼
_c1996
300 _a140ਪੰ
_ccm.
650 _aਪੰਜਾਬੀ ਸਾਹਿਤ
942 _hO153:g, N9
_cTEXL
_2CC
999 _c296021
_d296021